<?xml version="1.0" encoding="UTF-8"?><?xml-stylesheet type="text/xsl" href="static/style.xsl"?><OAI-PMH xmlns="http://www.openarchives.org/OAI/2.0/" xmlns:xsi="http://www.w3.org/2001/XMLSchema-instance" xsi:schemaLocation="http://www.openarchives.org/OAI/2.0/ http://www.openarchives.org/OAI/2.0/OAI-PMH.xsd"><responseDate>2026-04-14T07:55:14Z</responseDate><request verb="GetRecord" identifier="oai:www.recercat.cat:10459.1/71320" metadataPrefix="marc">https://recercat.cat/oai/request</request><GetRecord><record><header><identifier>oai:recercat.cat:10459.1/71320</identifier><datestamp>2025-05-20T18:54:24Z</datestamp><setSpec>com_2072_3622</setSpec><setSpec>col_2072_479130</setSpec></header><metadata><record xmlns="http://www.loc.gov/MARC21/slim" xmlns:dcterms="http://purl.org/dc/terms/" xmlns:xsi="http://www.w3.org/2001/XMLSchema-instance" xmlns:doc="http://www.lyncode.com/xoai" xsi:schemaLocation="http://www.loc.gov/MARC21/slim http://www.loc.gov/standards/marcxml/schema/MARC21slim.xsd">
   <leader>00925njm 22002777a 4500</leader>
   <datafield ind2=" " ind1=" " tag="042">
      <subfield code="a">dc</subfield>
   </datafield>
   <datafield ind2=" " ind1=" " tag="720">
      <subfield code="a">Cárdenas-Ramírez, Carolina</subfield>
      <subfield code="e">author</subfield>
   </datafield>
   <datafield ind2=" " ind1=" " tag="720">
      <subfield code="a">Gómez, Maryory A.</subfield>
      <subfield code="e">author</subfield>
   </datafield>
   <datafield ind2=" " ind1=" " tag="720">
      <subfield code="a">Jaramillo, Franklin</subfield>
      <subfield code="e">author</subfield>
   </datafield>
   <datafield ind2=" " ind1=" " tag="720">
      <subfield code="a">Fernández, Ángel G.</subfield>
      <subfield code="e">author</subfield>
   </datafield>
   <datafield ind2=" " ind1=" " tag="720">
      <subfield code="a">Cabeza, Luisa F.</subfield>
      <subfield code="e">author</subfield>
   </datafield>
   <datafield ind2=" " ind1=" " tag="260">
      <subfield code="c">2021</subfield>
   </datafield>
   <datafield ind2=" " ind1=" " tag="520">
      <subfield code="a">Thermal conductivity is an essential property to understand the rate of charging/discharging of thermal energy storage systems, but there is still a lack of experimental studies in this field. The temperature dependence of thermal conductivity of eutectic mixtures capric/myristic acid (CA/MA), lauric/myristic acid (LA/MA), and palmitic/stearic acid (PA/SA), as well as their respective shape-stabilized forms (SSPCMs), were measured by the hot wire technique. Thermal conductivity presented a linear correlation with temperature for all the materials. Besides, the thermal conductivity of the samples was compared with a commercial SS-PCM finding out that the SS-PCMs produced by the authors exhibit higher thermal conductivity than the commercial sample, with an increase between 10.57% and 33.33%. In addition, the minerals that comprise the clay were acquired and their effect on the thermal conductivity on the support studied. Between the crystalline phases, kaolin governed the thermal conductivity of the support. Afterward, kaolin additions were made, resulting in an increase of thermal conductivity between 6.49% and 17.68% of the SS-PCM. Thus, the novelty of this study relies, first, on the experimental data obtained of thermal conductivity, and second, on the study of the effect of some minerals in the overall thermal conductivity of the samples.</subfield>
   </datafield>
   <datafield ind2=" " ind1=" " tag="520">
      <subfield code="a">The authors are pleased to acknowledge the financial assistance of the “Ministerio de Ciencia, Tecnología e Innovación- MINCIENCIAS” through the PhD grant 758-2016-Contract 036–2016, Universidad de Antioquia and Sumicol S.A.S. This work was partially funded by the Ministerio de Ciencia, Innovación y Universidades de España (RTI2018-093849-B-C31 - MCIU/AEI/FEDER, UE) and by the Ministerio de Ciencia, Innovación y Universidades - Agencia Estatal de Investigación (AEI) (RED2018-102431-T). The authors at the University of Lleida would like to thank the Catalan Government for the quality accreditation given to her research group GREiA (2017 SGR 1537). GREiA is a certified agent TECNIO in the category of technology developers from the Government of Catalonia. This work is partially supported by ICREA under the ICREA Academia programme.</subfield>
   </datafield>
   <datafield tag="653" ind2=" " ind1=" ">
      <subfield code="a">Effective thermal conductivity</subfield>
   </datafield>
   <datafield tag="653" ind2=" " ind1=" ">
      <subfield code="a">Fatty acids</subfield>
   </datafield>
   <datafield tag="653" ind2=" " ind1=" ">
      <subfield code="a">Shape-stabilized phase change materials (SS-PCM)</subfield>
   </datafield>
   <datafield tag="653" ind2=" " ind1=" ">
      <subfield code="a">Hot wire</subfield>
   </datafield>
   <datafield ind2="0" ind1="0" tag="245">
      <subfield code="a">Experimental determination of thermal conductivity of fatty acid binary mixtures and their shape-stabilized composites</subfield>
   </datafield>
</record></metadata></record></GetRecord></OAI-PMH>